| 000 | 00488nam a2200169 a 4500 | ||
|---|---|---|---|
| 001 | 000016202 | ||
| 005 | 20200929164322.0 | ||
| 008 | 100301s1928 dr 000 0 spa d | ||
| 040 |
_aDO-SdBNP _bspa _cBNPHU |
||
| 082 |
_axxx _bL681r |
||
| 110 | 1 |
_aRepública Dominicana. _9447 |
|
| 240 | 1 | 0 | _a[Leyes etc.] |
| 245 | 1 | 0 | _aLey de registro de tierras con sus modificaciones. |
| 260 |
_aSanto Domingo : _bJ. R. Vda. García, Sucesores, _c1928. |
||
| 300 |
_a109 p. ; _c24 cm. |
||
| 049 | _aBNPD | ||
| 999 |
_c15740 _d15740 |
||